Evaluación de algunos estudios latinoamericanos sobre comunicación masiva /
Guardat en:
| Autor principal: | |
|---|---|
| Format: | Text |
| Etiquetes: |
Afegir etiqueta
Sense etiquetes, Sigues el primer a etiquetar aquest registre!
|
MARC
| LEADER | 00000 a a2200000 04500 | ||
|---|---|---|---|
| 001 | 40589 | ||
| 003 | |||
| 040 | |||
| 100 | |a Assman, Hugo | ||
| 245 | |a Evaluación de algunos estudios latinoamericanos sobre comunicación masiva / |c Hugo Assman | ||
| 773 | |g volumen1, número1 ( XI Congreso Latinoamericano), [páginas 43-86] | ||
| 999 | |c 22688 |d 22688 | ||
